logo

Bir Sreshtho Munshi Abdur Rouf Library
Jhenaidah Cadet College

The personal history of David Copperfield / (Record no. 7254)

MARC details
000 -LEADER
fixed length control field 00837nam a2200277I 4500
001 - CONTROL NUMBER
JCCL Control Number 7254
003 - CONTROL NUMBER IDENTIFIER
JCCL marc code BD -Jhcc
005 - DATE AND TIME OF LATEST TRANSACTION
control field 20180422083251.0
008 - FIXED-LENGTH DATA ELEMENTS--GENERAL INFORMATION
fixed length control field 790122s1935 nyua 000 1 eng
035 ## - SYSTEM CONTROL NUMBER
system control number (BD -Jhcc)7254
035 ## - SYSTEM CONTROL NUMBER
system control number (OCoLC)04574112
035 ## - SYSTEM CONTROL NUMBER
system control number GLIS00219615
040 ## - CATALOGING SOURCE
Original cataloging agency DLC
Transcribing agency COO
Modifying agency m.c.
-- MYG
-- BD -Jhcc
041 ## - LANGUAGE CODE
Language code of Book eng
082 ## - DEWEY DECIMAL CLASSIFICATION NUMBER
Author mark and Year DIC 1966
DDC Edition number 14
Classification number 823.83
090 ## - LOCALLY ASSIGNED LC-TYPE CALL NUMBER (OCLC); LOCAL CALL NUMBER (OCLC)
Classification number (OCLC) (R) ; Classification number, CALL (RLIN) (NR) PR4558
Local cutter number (OCLC) ; Book number/undivided call number, CALL (RLIN) .A1 1935
099 ## - LOCAL FREE-TEXT CALL NUMBER
Classification number PR4558.A1 1935
100 1# - MAIN ENTRY--PERSONAL NAME
Personal name Dickens, Charles,
Dates associated with a name 1812-1870.
245 14 - TITLE STATEMENT
Title The personal history of David Copperfield /
Statement of responsibility, etc by Charles Dickens; illustated by Phiz
260 ## - PUBLICATION, DISTRIBUTION, ETC. (IMPRINT)
Place of publication, distribution, etc New York,
Name of publisher, distributor, etc The Heritage press,
Date of publication, distribution, etc 1935.
300 ## - PHYSICAL DESCRIPTION
Pagination 5 p. l., 9-821 p.
Other physical details illus., col. plates.
Dimensions 24 cm.
700 ## - ADDED ENTRY--PERSONAL NAME
Personal name Phiz
942 ## - ADDED ENTRY ELEMENTS (KOHA)
Source of classification or shelving scheme Dewey Decimal Classification
Koha item type Books
949 ## - LOCAL PROCESSING INFORMATION (OCLC)
a MYGH
b [!39080000150489!]
Holdings
Source of classification or shelving scheme Damaged status Not for loan Home library Current library Shelving location Total Checkouts Full call number Barcode Date last seen Copy number Koha item type
Dewey Decimal Classification     JCC Rouf Library JCC Rouf Library General Stacks   823.83 DIC 1966 9789 02/06/2018 C - 1 Books

JCC Library | Contacts | JCC Home

Last Update on 23 September 2017
Copyright @ 2017-2020 JCC Rouf Library
Rouf Library, Jhenidah Cadet College (JCC), Bangladesh